A PROPOSITO DEL EVANGELIO

Kaydedildi:
Detaylı Bibliyografya
Yazar: Hoornaert, G. (autor)
Materyal Türü: Kitap
Konular:
Etiketler: Etiketle
Etiket eklenmemiş, İlk siz ekleyin!

MARC

LEADER 00000nam^a2200000^a^4500
001 000206075
005 20250521000000.0
009 20260310103138.17
035 |a 002713 
037 |a Acervo Xavier Clavigero 
082 |a 227. 11  |b HOO 
100 |a Hoornaert, G.  |e (autor) 
245 1 0 |a A PROPOSITO DEL EVANGELIO 
264 |a SANTANDER :  |b SAL TERRAE,  |c 1941 
300 |a 381p. 
336 |a texto  |b txt  |2 rdacontenido 
337 |a sin mediación  |b n  |2 rdamedio 
338 |a volumen  |b nc  |2 rdasoporte 
649 |a XX 
650 |a Biblia 
910 |a Fondo General 
920 |a Impresos - Libros 
930 |a Colección General 
905 |a 101 
901 |a 002713  |b IT1  |c ACC  |i 002713  |u 20250521 
902 |a https://opac.biblio.iteso.mx/vufind/Record/000206075